000 00585nam a22002057a 4500
999 _c6479
_d6479
003 OSt
005 20230401161332.0
008 140707b xxu||||| |||| 00| 0 eng d
020 _a0838505554
040 _cDNLM.
082 _aQV 4 K159b 1987
100 _aKatzung, Bertram G.
_9366
245 _aBasic and Clinical Pharmacology
250 _a3rd ed.
260 _aLondon;
_bPrentice_Hall International,inc,
_c1987.
300 _axiv, 202 p. :
_bcol.ill;
_c24 cm.
504 _aIncludes Bibliographical references and index
650 _aPharmacology.
_9357
942 _2ddc
_cO_SHELF